| 000 | 00649nam a2200229Ia 4500 | ||
|---|---|---|---|
| 003 | OSt | ||
| 005 | 20220928113641.0 | ||
| 006 | a|||||r|||| 00| 0 | ||
| 007 | ta | ||
| 008 | 220927b |||||||| |||| 00| 0 eng d | ||
| 024 | _a33922 | ||
| 037 | _cTextual | ||
| 040 |
_aSDCL _cSDCL _beng |
||
| 041 |
_2eng _aeng |
||
| 082 | _aV2:1944Q7'N8, M7 | ||
| 100 |
_aTikoo Ratna _9434243 |
||
| 245 | 0 |
_aIndo-Pak relations _b Politics of divergence and convergence |
|
| 260 |
_aNew Delhi _bNational Publishers _c1987 |
||
| 300 |
_avii,253p _ccm. |
||
| 942 |
_hV2:1944Q7'N8, M7 _cTEXL _2CC |
||
| 999 |
_c750604 _d750604 |
||